000 00418cam a2200181ua 4500
001 10424
005 20260515114624.0
008 190202n ii |||gr||||Z||||||eng
020 _a9789311125343
040 _cMAIN
041 _aeng
082 _a030
245 _aMission MBA: Management Aptitude Test (MAT)
260 _aMeerut:
_bArihant.
653 _aGeneral encyclopedic works
653 _aMAT
942 _cBK
999 _c9403
_d9403